Catálogo
 En Linea

La alternativa liberal : (Registro nro. 13622)

Detalles MARC
000 -CABECERA
campo de control de longitud fija 00663cam a2200181 a 4500
001 - NÚMERO DE CONTROL
campo de control 000014018
005 - FECHA Y HORA DE LA ÚLTIMA TRANSACCIÓN
campo de control 20200929163434.0
008 - DATOS DE LONGITUD FIJA--INFORMACIÓN GENERAL
campo de control de longitud fija 780601s1974 sp 000 0 spa
040 ## - FUENTE DE LA CATALOGACIÓN
Centro catalogador/agencia de origen DO-SdBNP
Lengua de catalogación spa
Centro/agencia transcriptor BNPHU
082 ## - NÚMERO DE LA CLASIFICACIÓN DECIMAL DEWEY
Número de clasificación 320.97295
Número de documento/Ítem G216a
100 1# - ENTRADA PRINCIPAL--NOMBRE DE PERSONA
Nombre de persona García-Passalacqua, Juan M.,
Fechas asociadas al nombre 1937-
9 (RLIN) 31721
245 13 - MENCIÓN DE TÍTULO
Título La alternativa liberal :
Resto del título una visión histórica de Puerto Rico /
Mención de responsabilidad, etc. Juan M. García-Passalacqua.
260 ## - PUBLICACIÓN, DISTRIBUCIÓN, ETC.
Lugar de publicación, distribución, etc. Barcelona :
Nombre del editor, distribuidor, etc. Universitaria ;
-- Universidad de Puerto Rico,
Fecha de publicación, distribución, etc. 1974.
300 ## - DESCRIPCIÓN FÍSICA
Extensión 169 p. ;
Dimensiones 18 cm.
490 1# - MENCIÓN DE SERIE
Mención de serie Uprex
Designación de volumen o secuencia 27
Mención de serie Ensayos
504 ## - NOTA DE BIBLIOGRAFÍA, ETC.
Nota de bibliografía, etc. Bibliografía: (p 161-169).
651 #4 - PUNTO DE ACCESO ADICIONAL DE MATERIA--NOMBRE GEOGRÁFICO
Nombre geográfico Puerto Rico
Subdivisión general Política Y Gobierno
Subdivisión cronológica 1952-1998.
9 (RLIN) 16163
Existencias
Estado de retiro Estado de pérdida Restricciones de uso No para préstamo Código de colección Localización permanente Ubicación/localización actual Ubicación en estantería Fecha de adquisición Número de inventario Total de préstamos Signatura topográfica completa Código de barras Fecha visto por última vez Precio válido a partir de Tipo de ítem Koha Número de copia
      Excluido de préstamo Monografías: Libros y Folletos General General Depósito 02.12.2009 LF1   320.97295 G216a 14018-10 25.06.2020 25.06.2020 No se presta  
      Excluido de préstamo Monografías: Libros y Folletos General General Depósito 02.12.2009 LF1   320.97295 G216a 14018-20 25.06.2020 25.06.2020 No se presta e. 2
  Extraviado     Monografías: Libros y Folletos General General Extraviado 17.04.2017 LF1   320.97295 G216a 14018-30 25.06.2020 25.06.2020 Préstamo en sala e. 3

Con tecnología Koha